000 00815 a2200205 4500
003 Nust
005 20221124134839.0
010 _a 95009055
020 _a8173190402
040 _cNust
082 0 0 _a515.9, PON
100 1 _aPonnusamy, S.
_958032
245 1 0 _aFoundations of complex analysis /
_cS. Ponnusamy.
260 _aSingapore ;
_aNew York :
_bJohn Wiley & Sons (Asia) Pte ;
_aNew Delhi, India :
_bNarosa Publ. House,
_cc1995.
300 _axii, 464 p. :
_bill. ;
_c24 cm.
505 _aComplex Numbers (Page-1), Analytic Functions (Page -83), Complex Integration (Page -191),Classification of Singularities (Page -313), Calculus of Residues (Page -347), Evalution of Cretian Intergrals (Page -407).
650 0 _aFunctions of complex variables.
650 0 _aMathematical analysis.
942 _2ddc
_cBK
999 _c175420
_d175420